000 01025nas a2200325 4500
001 BR2011007256
003 BR-BrBNA
005 20231205115737.0
007 ta
008 230509b bl.|||p| |||| 00| 00por d
040 _aBR-BrBNA
_bpor
_cBiblioteca Nacional de Agricultura
041 _a(Pt)
072 _aL70
100 1 _aAssis, A.R.
100 1 _aMartins, A.M.Q.
100 1 _aBairros, A.A.
100 1 _aTerra, V.J.B.
100 1 _aAntunes, F.
100 1 _aOliveira, A.L.A.
245 1 _aDiagnóstico ultrassonográfico de onfalocele em feto canino
246 1 _aUltrasound diagnosis of omphalocele in a dog fetus
650 _aCÃO
650 _aFETO
650 _aDISTÚRBIO GENÉTICO
650 _aDIAGNÓSTICO
650 _aULTRA-SOM
773 0 _tMEDVEP. Revista Científica de Medicina Veterinária. Pequenos Animais e Animais de Estimação (Brazil)
_xISSN 1678-1430
_g(Jan-Mar 2010), v. 8(24) p. 17-19
_wBR2011007256
909 _a202311
_bLúcia
_c55
_dLúcia Elande
942 _2AGRIS
_n0
_cANA
999 _c215483
_d215483